000 00643nam a2200229Ia 4500
003 OSt
005 20220928120800.0
006 a|||||r|||| 00| 0
007 ta
008 220927b |||||||| |||| 00| 0 eng d
024 _a64468
037 _cTextual
040 _aSDCL
_cSDCL
_beng
041 _2eng
_aeng
082 _aY:6.2'N6, L6.1
100 _aGhosh Oroon Kumar
_9451117
245 0 _aChanging Indian civilization
_b A perspective on India
260 _aIndia
_bMinerva Associates
_c1976
300 _axii,500p.
_ccm.
942 _hY:6.2'N6, L6.1
_cTEXL
_2CC
999 _c765229
_d765229